• 首页
  • 本馆介绍
  • 公告通知
  • 最新文献
  • 馆藏检索
  • 电子资源
  • 读者导购
  • 参考咨询
  • 我的图书馆
  • 登录
  • 详细信息显示
  • 放入我的书架
  • 预约/预借图书
  • 作者相关作品
  • 分类相关作品
  • 丛书相关作品
  • 出版社相关作品

书目信息

  • 表格格式
  • 工作单格式
  • 卡片格式
题名:
安徒生格林童话中的人生智慧
    
 
作者: 戴剑萍 编著
分册:  
出版信息: 沈阳   沈阳出版社  2001
页数: 291页
开本: 20cm
丛书名: 人生智慧书系
单 册:
中图分类: I106.7
科图分类:
主题词: 童话--世界--选集 , 人生哲学--通俗读物 , 童话 , 人生哲学 , 文学--世界
电子资源:
ISBN: 7-5441-1795-2
000 00922oam2 2200289 450
001 1233586031
005 20121017092024.29
010    @a7-5441-1795-2@dCNY16.60
100    @a20020311d2001 em y0chiy0110 ea
101 0  @achi
102    @aCN@b210000
105    @aa z 000fy
200 1  @a安徒生格林童话中的人生智慧@Aan tu sheng ge lin tong hua zhong de ren sheng zhi hui@e图文双解@f戴剑萍编著
210    @a沈阳@c沈阳出版社@d2001
215    @a291页@c插图@d20cm
225 2  @a人生智慧书系
330    @a本书分为:“劝勉篇”、“修身篇”、“处世篇”、“超越篇”、“技巧篇”、“奋发篇”、“行动篇”、“进取篇”八部分内容。
461  0 @12001 @a人生智慧书系
606 0  @a童话@y世界@j选集
606 0  @a人生哲学@j通俗读物
606 0  @a童话
606 0  @a人生哲学
606 0  @a文学@x世界
690    @aI106.7@v4
701  0 @a戴剑萍@Adai jian ping@4编著
801  0 @aCN@bNLC@c20101222
905    @a10447@dI106.7@eJY22
    
    安徒生格林童话中的人生智慧:图文双解/戴剑萍编著.-沈阳:沈阳出版社,2001
    291页:插图;20cm.-(人生智慧书系)
    
    
    ISBN 7-5441-1795-2:CNY16.60
    本书分为:“劝勉篇”、“修身篇”、“处世篇”、“超越篇”、“技巧篇”、“奋发篇”、“行动篇”、“进取篇”八部分内容。
●
相关链接 在E读中查询图书 在五车中查询图书 在当当中查询图书 在豆瓣中查询图书


正题名:安徒生格林童话中的人生智慧     索取号:I106.7/JY22         预约/预借

序号 登录号 条形码 馆藏地/架位号 状态 备注
1 7803153   278031531   学院路分馆/ [索取号:I106.7/JY22] 在馆    
2 7803154   278031540   学院路分馆/ [索取号:I106.7/JY22] 在馆    
唐山师范学院图书馆 欢迎您!
大连网信软件有限公司© 版权所有